000 00640nam a2200217 i 4500
001 C2-0339359
003 PPAK
005 20180728141540.0
008 161214s ii a|||| ||||| | tam d
040 _aPPAK
_beng
_cPPAK
_erda
082 0 4 _a398.2
_223
090 0 0 _a398.2
_bNYA
_dK
245 0 0 _aNyayiru malar
264 1 _aChennai, India :
_bAdhithiya Pen Arts ,
_c[date of publication not identified]
300 _a24 pages :
_bcolour illustrations ;
_c27 cm
336 _2rdacontent
_atext
337 _2rdamedia
_aunmediated
338 _2rdacarrier
_avolume
650 1 0 _aFolklore - India - Juvenile literature.
942 _ddc
_cB
999 _c136631
_d136631